La mediacin̤ paso a paso De la teora̕ a la prc̀tica /

Bibliographic Details
Main Author: Botana Castro, Vanesa
Other Authors: Fernǹdez Muiǫs, Beatriz, Pereira Pardo, Mara̕ del Carmen
Format: eBook
Language:Spanish
Published: Madrid: Dykinson, 2013
Subjects:
Online Access:Acceso restringido

MARC

LEADER 00000nam a22000007a 4500
005 20140508020639.0
007 cr|||| ||||
008 140508s2013 es |||||s|||| 00||0 spa d
020 |a 978-84-9031-847-8 
035 |a 12130 
040 |a vLex 
090 |c 4922  |d 4922 
100 1 |a Botana Castro, Vanesa 
245 1 3 |a La mediacin̤ paso a paso  |h [Recurso electrn̤ico] :  |b De la teora̕ a la prc̀tica /  |c Vanesa Botana Castro, Beatriz Fernǹdez Muiǫs, Mara̕ del Carmen Pereira Pardo 
256 |a Servicio en ln̕ea 
260 |a Madrid:  |b Dykinson,  |c 2013 
300 |a 1 recurso electrn̤ico 
500 |a Si bien es cierto que todo proceso de mediacin̤, como medida alternativa a la resolucin̤ de conflictos, se rige por principios propios que la consagran y se hace efectiva a travš de un procedimiento que pudiřamos calificar de no formal, combinando tčnicas multidisciplinares empleadas por un profesional con formacin̤ especf̕ica en este campo, con la finalidad de alcanzar acuerdos duraderos o simplemente mejorar las relaciones, no podemos perder vista que la normativa legal que la desarrolla exige el cumplimiento de unos requisitos formales que de no cumplirse pueden anular el acuerdo de mediacin̤ que tanto nos cost ̤conseguir. Para ayudar a crear esas herramientas que puedan facilitarle al mediador el llevar a cabo una mediacin̤ completa, consideramos que un primer paso podra̕ consistir, por un lado realizar un breve repaso por las distintas normativas (europea, estatal, autonm̤ica), al objeto de poder obtener una visin̤ conjunta que puedan servirle de orientacin̤ respecto de los distintos enfoques de la mediacin̤ segn︢ de la normativa que se trate (sus puntos coincidentes y divergentes), y por otro lado tratar de recopilar tanto los formularios, elaborados desde la prc̀tica por aquellas instituciones y mediadores que han venido ejerciendo la mediacin̤, y que por lo tanto han nacido a raz̕ de la experiencia, como crear aquellos que por exigencia de la normativa resultan obligatorios… Lo que aqu ̕nos interesa es definir la mediacin̤ estando en curso o no un procedimiento judicial, es decir la mediacin̤ intrajudicial y extrajudicial, que es a las que hace referencia expresa la Ley 5/2012 desarrollando su procedimiento y efectos. 
506 1 |a Disponible solo en los productos indicados  |d vLex Global  |d vLex Global (Academic Edition, excluding Law Schools)  |d vLex Global (U.S. Academic Edition, Law Schools)  |d vLex Global (U.S. Academic Edition, excluding Law Schools)  |d vLex Global (Academic Edition, Law Schools) 
650 0 4 |2 Derecho Civil  |z Espaą 
700 1 |a Fernǹdez Muiǫs, Beatriz 
700 1 |a Pereira Pardo, Mara̕ del Carmen 
740 0 |a vLex Libros (Servicio en ln̕ea) 
856 4 0 |u http://vlex.com/source/mediacion-paso-a-paso-de-la-teoria-a-la-practica-12130  |z Acceso restringido 
942 |c BOOK 
999 0 |a Civil Law